Statistics for Spell out supercalifragilisticexpialidocious !!!!

Click here to take the quiz!

General Stats

  • This quiz has been taken 40 times
  • The average score is 33 of 34

Answer Stats

Answere% Correct
a
100%
a
100%
a
100%
c
100%
c
100%
c
100%
e
100%
e
100%
l
100%
l
100%
l
100%
p
100%
p
100%
r
100%
r
100%
s
100%
s
100%
s
100%
u
100%
u
100%
f
96%
g
96%
i
96%
i
96%
i
96%
i
96%
i
96%
i
96%
i
96%
d
92%
o
92%
o
92%
t
92%
x
92%

Score Distribution

Percentile by Number Answered

Percent of People with Each Score

Your Score History

You have not taken this quiz